000 00426nam a2200157Ia 4500
005 20251020182601.0
008 200515s9999 xx 000 0 und d
082 _aSC/336.126/P45/1976/t.2
110 _aDirección General del Contabilidad Pública
245 0 _aCuenta General de la República 1976: Gobierno Central
260 _aLima
260 _c1976
300 _a1122
650 _aPRESUPUESTO PUBLICO
942 _cLIB
999 _c3063
_d3063